000 01534nam0a2200301 4500
001 RU\NLR\bibl\1312800
005 20250615154513.0
021 _aRU
_b2008-86984
_95078
035 _a(NLR Aleph) 001298229
090 _a602495
_c602495
100 _a20081225d2008 |||y0rusy50 ca
101 0 _arus
102 _aRU
105 _ay |||||||||
200 1 _aПсихологическое воздействие на жертву при совершении преступлений против личности
_eнаучно-методическое пособие
_fМ.В. Кроз, Н.А. Ратинова
_gАкад. генер. прокуратуры РФ, Науч.-исслед. ин-т
210 _aМосква
_cАкадемия Генеральной прокуратуры Российской Федерации
_d2008
215 _a104, [3]
_d21
320 _aБиблиогр. в подстроч. примеч.
606 1 _aПсихологическое воздействие
_jМетодические пособия
_91595526
_3RU\NLR\auth\661000254
606 1 _aПреступления против личности
_jМетодические пособия
_91345612
_3RU\NLR\auth\66561443
686 _aЮ935.108я78
686 _aХ628.111.3я7
700 1 _aКроз
_bМ. В.
_gМихаил Владимирович
_4070
701 1 _aРатинова
_bН. А.
_gНаталия Александровна
_4070
801 0 _aRU
_bNLR
_c20081225
_gRCR
801 1 _aRU
_bNLR
_c20081225
942 _cBOOK
980 _aNB